| 000 | 01107nam a2200253 i 4500 | ||
|---|---|---|---|
| 001 | 190552 | ||
| 003 | ES-MaACL | ||
| 005 | 20250902090039.0 | ||
| 008 | 210901s2018 sp 001 s spa d | ||
| 100 | 1 |
_aGarcía Lozano, Raquel. _954864 |
|
| 245 | 1 | 3 |
_aEl renacimiento de tres lenguas : _bcheco, hebreo y euskera : conferencias y coloquio celebrados en el Centro Sefarad-Israel de Madrid el 21 de noviembre de 2017 / _c[ponentes], Raquel García Lozano, Karlos Cid Abasolo. |
| 260 |
_aMadrid : _bDelegación en Corte, Departamento de Publicaciones, _c[2018] |
||
| 300 |
_a80 p. : _bil. col. ; _c21 cm. |
||
| 650 | 4 |
_aLengua checa. _9140088 |
|
| 650 | 4 |
_aLengua hebrea. _914258 |
|
| 650 |
_aLengua vasca. _914329 |
||
| 700 | 1 |
_aCid Abasolo, Carlos. _9173658 |
|
| 710 | 2 |
_aCentro Sefarad-Israel. _9173659 |
|
| 710 | 2 |
_aReal Sociedad Bascongada de los Amigos del País. _bDelegación en Corte _96371 |
|
| 852 | 4 |
_aES-MaACL _jA-14773 _9197730 _bR.152268 _cDEPO1 _dOlim: N-7773 _hDonación: Editorial |
|
| 942 |
_2udc _cMONOGRAFIA |
||
| 999 |
_c190552 _d190552 |
||